Statistics for Aircraft used by the RAF

Click here to take the quiz!

General Stats

  • This quiz has been taken 191 times
  • The average score is 13 of 19

Answer Stats

HintAnswer% Correct
Single seat agile air to air attack and intercept fighterTyphoon
91%
Arguably the most famous aircraft ever in use by the RAF. It was used in WW2 and famously the battle of britain.Spitfire
89%
A twin rotor multirole heavy lift helicopterChinook
87%
Modern carrier born VTOL aircraftF35 II
87%
2 seat multirole attack aircraftTornado
87%
A WW2 famous bomber used historically by the RAFLancaster
86%
Single engined historical VTOL aircraftHarrier
84%
2 seat fast jet trainerHawk
84%
A historical nuclear bomber used by the RAFVulcan
78%
The RAF's largest aircraft, a strategic turbofan powered heavy lifterC17
68%
A medium transport aircraft powered by turboprop enginesHercules
68%
Used as the primary search and rescue helicopter operated by the RAF around the UKSea king
65%
Workhorse helicopter that is designed for quick use in harsh conditionsPuma
56%
Turboprop powered pre fast jet trainerTucano
56%
New air to air refueling tankerVoyager
56%
Medium support helicopter designed for difficult terrain.Merlin
48%
An old rotary wing trainer and reconnaissance helicopterGazelle
30%
Advanced rotary wing trainer used by rotary wing studentsGriffin
23%
First rotary wing trainer used in RAF shawburySquirrel
23%

Score Distribution

Percentile by Number Answered

Percent of People with Each Score

Your Score History

You have not taken this quiz